000 00619nam a2200193 4500
008 b xx# fre u
020 _a2747536874
020 _a9782747536875
040 _aLB-BrCRDP
082 _a370.7/GUI
100 1 _aGuinard,Jean-Yves
130 0 _lFR
245 1 0 _aLa formation par alternance
_bActes de la première journée d'études organisée par l'unité de recherche-Action en formation de formateurs 13 juin 2001
_cJean-Yves Guinard
260 _aParis
_bL'Harmattan
_c2003
300 _a231p.;
_c22cm
650 _aFormation
942 _cBK
999 _c16974
_d16974